Statistics for Ariana Grande All Songs

Click here to take the quiz!

General Stats

  • This quiz has been taken 356 times
    (275 since last reset)
  • The average score is 33 of 79

Answer Stats

Hint Answer % Correct
Dangerous WomanDangerous Woman
91%
Santa Tell Me-SingleSanta Tell Me
80%
My EverythingProblem ft. Iggy Azalea
74%
SweetenerNo Tears Left To Cry
72%
My EverythingBreak Free ft. Zedd
71%
Yours TrulyThe Way ft. Mac Miller
71%
My EverythingMy Everything
68%
Dangerous WomanSide to Side ft. Nicki Minaj
68%
Focus-SingleFocus
65%
Beauty and the Beast Original Motion Picture SoundtrackBeauty and the Beast- John Legend, Ariana Grande
64%
Put Your Hearts Up-SinglePut Your Hearts Up
64%
My EverythingOne Last Time
63%
Dangerous WomanInto You
62%
Yours TrulyBaby I
59%
Adore-SingleAdore-Cashmere Cat
58%
My EverythingLove Me Harder ft. The Weeknd
58%
Yours TrulyHoneymoon Avenue
57%
Yours TrulyRight There ft. Big Sean
57%
Dangerous WomanGreedy
54%
Dangerous WomanLet Me Love You ft. Lil Wayne
53%
Dangerous WomanEveryday ft. Future
53%
Dangerous WomanMoonlight
53%
Yours TrulyPiano
52%
Boys Like You-SingleBoys Like you ft. Ariana Grande & Meghan Trainor-Who Is Fancy
52%
SweetenerThe Light Is Coming ft. Nicki Minaj
49%
Dangerous WomanBe Alright
49%
Dangerous WomanLeave Me Lonely ft. Macy Gray
47%
Yours TrulyAlmost Is Never Enough ft. Nathan Sykes
47%
Over And Over Again-SingleOver And Over Again-Nathan Sykes
47%
My EverythingBang Bang-Jessie J, Ariana Grande, Nicki Minaj
47%
Yours TrulyTattooed Heart
46%
My EverythingIntro
45%
My EverythingBreak Your Heart Right Back ft. Childish Gambino
44%
My EverythingJust A Little Bit of Your Heart
44%
My EverythingWhy Try
43%
Dangerous WomanThinkin' Bout You
43%
Dangerous WomanTouch It
43%
My EverythingBest Mistake ft. Big Sean
43%
Yours TrulyPopular Song-MIKA
43%
Dangerous WomanSometimes
42%
My EverythingBe My Baby ft. Cashmere Cat
41%
My EverythingHands On Me ft. A$AP Ferg
41%
Christmas KissesSanta Baby ft. Liz Gilles
39%
Dangerous WomanBad Decisions
38%
Christmas KissesLast Christmas
38%
Christmas & ChillDecember
38%
Dangerous WomanI Don't Care
37%
My EverythingOnly 1
37%
Yours TrulyDaydreamin'
36%
Yours TrulyBetter Left Unsaid
36%
9Quit-Cashmere Cat ft. Ariana Grade
36%
Dangerous WomanKnew Better/Forever Boy
36%
Yours TrulyYou'll Never Know
36%
The PinkprintGet On Your Knees-Nicki Minaj
34%
Yours TrulyLovin' It
32%
My EverythingYou Don't Know Me
32%
Christmas & ChillWinter Things
31%
Christmas KissesSnow In California
29%
Christmas & ChillTrue Love
27%
UnreleasedPink Champagne
26%
Dangerous Woman (Target)Step On Up
23%
Christmas & ChillWit It This Christmas
23%
Dangerous Woman (Target)Jason's Song (Gave It Away)
22%
The Divine FeminineMy Favorite Part-Mac Miller
21%
TROLLS (Original Motion Picture Soundtrack)They Don't Know
21%
Christmas & ChillNot Just On Christmas
21%
We Love DisneyZero to Hero
21%
My EverythingCadillac Song
20%
Christmas KissesLove Is Everything
19%
UnreleasedBoyfriend Material
14%
Dark Sky ParadiseResearch-Big Sean
14%
Peace Is The MissionAll My Love ft. Ariana Grande & Machel Montano- Major Lazer
13%
XDon't Be Gone Too Long-Chris Brown
13%
My EverythingToo Close
12%
UnreleasedNobody Does It Better
9%
UnreleasedVoodoo Love
9%
CinemaE piĆ¹ ti penso-Andrea Bocelli
7%
UnreleasedKnew Better pt. II
6%

Score Distribution

Percentile by Number Answered

Percent of People with Each Score

Your Score History

You have not taken this quiz since the last reset